000 00357nam a2200145Ia 4500
008 230917s9999||||xx |||||||||||||| ||und||
040 _e60521
_aMAIN
041 _aEnglish
082 _a330.954 S64I
100 _aSingh, A K
245 0 _aImpact of American aid on Indian economy
260 _aBombay
_bVora
_c1973
300 _avii, 175 p.
942 _cBK
999 _c123268
_d123268